La crisis de la educación occidental / (Record no. 175227)

MARC details
000 -LEADER
campo de control de longitud fija 00937nam a22002535i 4500
001 - NÚMERO DE CONTROL
campo de control 175227
003 - IDENTIFICADOR DE NÚMERO DE CONTROL
campo de control ES-MaACL
005 - FECHA Y HORA DE LA ÚLTIMA TRANSACCIÓN
campo de control 20250828040954.0
008 - DATOS DE LONGITUD FIJA--INFORMACIÓN GENERAL
campo de control de longitud fija 101015s1962 sp |||| | spa d
080 ## - NÚMERO DE LA CLASIFICACIÓN DECIMAL UNIVERSAL
Número de la Clasificación Decimal Universal 37(091)
080 ## - NÚMERO DE LA CLASIFICACIÓN DECIMAL UNIVERSAL
Número de la Clasificación Decimal Universal 371:27"19"
100 0# - ENTRADA PRINCIPAL--NOMBRE DE PERSONA
Nombre de persona Dawson, Christopher.
9 (RLIN) 43009
245 13 - MENCIÓN DEL TÍTULO
Título La crisis de la educación occidental /
Mención de responsabilidad, etc. Christopher Dawson ; [traducción de Esteban Pujals].
260 ## - PUBLICACIÓN, DISTRIBUCIÓN, ETC.
Lugar de publicación, distribución, etc. Madrid :
Nombre del editor, distribuidor, etc. Rialp,
Fecha de publicación, distribución, etc. 1962.
300 ## - DESCRIPCIÓN FÍSICA
Extensión 208 p. ;
Dimensiones 22 cm.
490 1# - MENCIÓN DE SERIE
Mención de serie Biblioteca de Educación y Ciencias Sociales. Serie Investigaciones y ensayos ;
Designación de volumen o secuencia 3
594 ## - Nota al título y mención de responsabilidad
Nota al título y mención de responsabilidad Tít. original: The crisis of western education.
650 07 - PUNTO DE ACCESO ADICIONAL DE MATERIA--TÉRMINO DE MATERIA
Término de materia o nombre geográfico como elemento de entrada Educación-
Subdivisión de forma Historia
Fuente del encabezamiento o término
9 (RLIN) 143620
650 #7 - PUNTO DE ACCESO ADICIONAL DE MATERIA--TÉRMINO DE MATERIA
Término de materia o nombre geográfico como elemento de entrada Educación cristiana-
Subdivisión de forma Historia
Fuente del encabezamiento o término
9 (RLIN) 143621
700 1# - ENTRADA AGREGADA--NOMBRE PERSONAL
Nombre de persona Pujals, Esteban.
9 (RLIN) 94322
830 00 - PUNTO DE ACCESO ADICIONAL DE SERIE-TÍTULO UNIFORME
Título uniforme Biblioteca de educación y ciencias sociales
Designación de volumen o secuencia 3
9 (RLIN) 231016
852 ## - LOCALIZACIÓN
Ubicación ES-MaACL
Número de control de estantería E-13388
Encuadernación Olim P-478-Ter
Holdings
Estatus retirado Estado de pérdida Estado de daño No para préstamo Biblioteca de origen Biblioteca actual Ubicación en estantería Fecha de adquisición Fuente de adquisición Total de préstamos Signatura topográfica completa Código de barras Visto por última vez Precio de reemplazo Tipo de ítem Koha
        Biblioteca del Ateneo de Madrid Biblioteca del Ateneo de Madrid Depósito 2 15/10/2010     E-13388 1183990 23/02/2023 23/02/2023 Libro impreso